[Event "CZE-ch Youth B14 2022"]
[Site "Luhacovice"]
[Date "2022.03.17"]
[Round "7.2"]
[White "Zrubek, Dan"]
[Black "Prazak, Daniel"]
[Result "0-1"]
[WhiteElo "1478"]
[BlackElo "2016"]
[Annotator "ChessBase"]
[PlyCount "106"]
[EventDate "2022.03.12"]
[EventType "swiss"]
[EventCountry "CZE"]
[SourceTitle "playchess.com"]
[Source "ChessBase"]
[SourceQuality "1"]
[TimeControl "40/5400+30:1800+30"]

1. e4 {[%emt 0:00:03]} c6 {[%emt 0:00:19]} 2. d4 {[%emt 0:00:15]} d5 {[%emt 0:00:01]} 3. Nc3 {[%emt 0:00:22]} dxe4 {[%emt 0:00:03]} 4. Nxe4 {[%emt 0:00:19]} Nf6 {[%emt 0:00:02]} 5. Nxf6+ {[%emt 0:05:53]} exf6 {[%emt 0:00:02]} 6. c3 {[%emt 0:04:00]} Bd6 {[%emt 0:00:12]} 7. Bd3 {[%emt 0:02:24]} O-O {[%emt 0:00:03]} 8. Ne2 {[%emt 0:03:09]} Re8 {[%emt 0:00:05]} 9. O-O {[%emt 0:01:15]} Nd7 {[%emt 0:00:20]} 10. Ng3 {[%emt 0:09:32]} Nf8 {[%emt 0:21:59]} 11. Nf5 {[%emt 0:06:26]} Bxf5 {[%emt 0:10:36]} 12. Bxf5 {[%emt 0:00:08]} Qc7 {[%emt 0:01:53]} 13. h3 {[%emt 0:08:14]} Re7 {[%emt 0:13:40]} 14. Be3 {[%emt 0:03:26]} Rae8 {[%emt 0:01:16]} 15. Qd2 {[%emt 0:02:22]} Ng6 {[%emt 0:04:11]} 16. Bxg6 {[%emt 0:04:31]} hxg6 {[%emt 0:00:50]} 17. Rae1 {[%emt 0:02:07]} f5 {[%emt 0:05:53]} 18. Qc1 {[%emt 0:03:01]} f4 {[%emt 0:18:18]} 19. Bd2 {[%emt 0:00:24]} f3 {[%emt 0:00:01]} 20. gxf3 {[%emt 0:18:55]} Qa5 {[%emt 0:03:29]} 21. a3 {[%emt 0:05:32]} Qh5 {[%emt 0:04:10]} 22. Kg2 {[%emt 0:01:38]} Re6 {[%emt 0:01:17]} 23. Rxe6 {[%emt 0:03:02]} Rxe6 {[%emt 0:00:02]} 24. Qd1 {[%emt 0:02:10]} Rf6 {[%emt 0:00:49]} 25. f4 {[%emt 0:07:50]} Qh6 {[%emt 0:03:05]} 26. Qc1 {[%emt 0:01:56]} Qh4 {[%emt 0:01:34]} 27. Re1 {[%emt 0:01:08]} g5 {[%emt 0:01:05]} 28. Re3 {[%emt 0:02:46]} Bxf4 {[%emt 0:04:00]} 29. Rf3 {[%emt 0:00:38]} Bxd2 {[%emt 0:00:21]} 30. Qxd2 {[%emt 0:00:08]} Rxf3 {[%emt 0:00:06]} 31. Kxf3 {[%emt 0:00:09]} Qxh3+ {[%emt 0:00:02]} 32. Ke2 {[%emt 0:00:46]} Qe6+ {[%emt 0:01:03]} 33. Kd1 {[%emt 0:00:20]} f6 {[%emt 0:00:03]} 34. Qc2 {[%emt 0:00:44]} Qg4+ {[%emt 0:00:43]} 35. Ke1 {[%emt 0:00:13]} Qe6+ {[%emt 0:00:17]} 36. Kd1 {[%emt 0:00:10]} Kf7 {[%emt 0:00:50]} 37. Qa4 {[%emt 0:00:17]} a6 {[%emt 0:00:35]} 38. Qb4 {[%emt 0:00:22]} Qg4+ {[%emt 0:00:58]} 39. Ke1 {[%emt 0:00:09]} Qe4+ {[%emt 0:00:30]} 40. Kd2 {[%emt 0:01:10]} b5 {[%emt 0:00:14]} 41. Qc5 {[%emt 0:30:22]} Kg6 {[%emt 0:30:30]} 42. Qb6 {[%emt 0:00:29]} Qf4+ {[%emt 0:00:25]} 43. Ke2 {[%emt 0:00:11]} Qe4+ {[%emt 0:01:20]} 44. Kd2 {[%emt 0:00:22]} f5 {[%emt 0:00:48]} 45. Qxa6 {[%emt 0:00:52]} f4 {[%emt 0:00:03]} 46. Qc8 {[%emt 0:00:35]} f3 {[%emt 0:00:06]} 47. b3 {[%emt 0:00:39]} Qe2+ {[%emt 0:00:36]} 48. Kc1 {[%emt 0:00:05]} Qe1+ {[%emt 0:00:02]} 49. Kc2 {[%emt 0:00:12]} Qxf2+ {[%emt 0:00:03]} 50. Kb1 {[%emt 0:00:11]} Qe1+ {[%emt 0:00:31]} 51. Kb2 {[%emt 0:00:05]} Qe2+ {[%emt 0:00:01]} 52. Kb1 {[%emt 0:00:06]} Qe4+ {[%emt 0:00:07]} 53. Kb2 {[%emt 0:00:10]} f2 {[%emt 0:00:03]} 0-1

[Event "CZE-ch Youth B14 2022"]
[Site "Luhacovice"]
[Date "2022.03.17"]
[Round "7.3"]
[White "Zelba, Lukas"]
[Black "Buchta, Bartolomej"]
[Result "1/2-1/2"]
[WhiteElo "1945"]
[BlackElo "1901"]
[Annotator "TA"]
[PlyCount "115"]
[EventDate "2022.03.12"]
[EventType "swiss"]
[EventCountry "CZE"]
[SourceTitle "playchess.com"]
[Source "ChessBase"]
[SourceQuality "1"]

{[%evp 13,115,22,14,11,20,15,12,20,14,3,12,0,0,0,-18,-26,-14,-34,-39,-30,7,-77,6,0,12,20,13,-16,-25,-25,2,7,15,12,7,-10,-14,-60,-67,-94,-104,-104,-43,-80,-34,-36,0,0,0,-28,-14,-78,-82,-72,-73,-86,-79,-80,-76,-75,-79,-110,-31,-223,-167,-171,0,0,0,0,0,0,0,0,0,0,0,0,0,0,0,0,0,0,0,0,0,0,0,0,0,0,0,0,0,0,0,0,0,0,0,0,0,0]} 1. d4 Nf6 2. c4 e6 3. Nc3 Bb4 4. Nf3 b6 5. e3 O-O 6. Bd2 d6 7. Bd3 Bb7 8. Qe2 {E21: Nimzo-Indian: 4 Nf3.} Bxc3 9. Bxc3 Ne4 {[#]} 10. Bxe4 $146 ({Predecessor:} 10. Rc1 Nd7 11. O-O f5 12. Be1 Ndf6 13. Nd2 Nxd2 14. Bxd2 Ne4 15. Be1 Qe8 16. f3 {1-0 (35) Novak,R (2132)-Zeinert,M (2134) Czech Republic 2012}) 10... Bxe4 11. h4 Nd7 12. Ng5 Nf6 13. d5 e5 (13... Bxg2 $2 14. Rg1 $18) 14. f4 Re8 15. fxe5 dxe5 16. O-O-O h6 17. Nf3 (17. Nxe4 $11 Nxe4 18. Be1) 17... Nd7 (17... Qd6 $17 {[%cal Ob6b5] aiming for ...b5!} 18. Nd2 c6 19. Nxe4 Nxe4) 18. Nd2 Nc5 {[%cal Bd7c5,Bc5e4,Be4g3][%mdl 32] ...Nd3+ is the strong threat.} 19. Nxe4 Nxe4 20. Qc2 f5 21. Rhf1 Ng3 22. Rf3 Qxh4 23. Be1 f4 24. exf4 exf4 {Hoping for ...Re2.} 25. Bxg3 (25. Kb1 $11 {is more appropriate.}) 25... fxg3 $15 26. Qc3 Re4 27. b3 Qg5+ (27... Qe7 $17 28. Rxg3 Rf8) 28. Kb1 Rf8 (28... Rg4 $1 $17) 29. Rxg3 (29. Rxf8+ Kxf8 30. Re1 Qf4 31. Rxe4 Qxe4+ 32. Qc2 Qxc2+ 33. Kxc2 Kf7 $19) 29... Rg4 30. Rxg4 Qxg4 $11 {[%mdl 4096] Endgame KQR-KQR} 31. Qc2 Qg3 32. Qe4 {[#]} (32. Rd2 $11 {keeps the balance.}) 32... Rf2 $1 $17 33. d6 cxd6 34. Qe6+ Kh7 35. Qe4+ Qg6 36. Qxg6+ Kxg6 37. Rxd6+ {[#] KR-KR} Kf5 (37... Kh7 $1 $17 38. g3 Rf3) 38. b4 $2 (38. g4+ $1 $15 Kxg4 39. Rg6+ Kf4 40. Rxg7) 38... Rf4 39. Rc6 b5 $2 (39... Rg4 $19 {White must now prevent ...h5.} 40. Rc7 h5) 40. Rc5+ $11 {The position is equal.} Kg4 41. Rxb5 {And now c5 would win.} Rxc4 {Threatens to win with ...Rc7.} 42. Kb2 Rc7 {Inhibits Rb7.} 43. Kb3 Kg3 44. Rc5 Rf7 45. Rc2 h5 46. a4 {[%cal Ba2a4,Ba4a5,Ba5a6][%mdl 32]} g5 {[%cal Bg7g5,Bg5g4,Bg4h3][%mdl 32] Strongly threatening ...g4.} 47. a5 a6 48. b5 axb5 49. Kb4 g4 50. a6 h4 51. Ra2 h3 52. gxh3 gxh3 53. a7 Rxa7 54. Rxa7 h2 55. Ra3+ Kg2 56. Ra2+ Kg1 57. Rxh2 Kxh2 58. Kxb5 {Weighted Error Value: White=0.18 (very precise) /Black=0.20 (precise)} 1/2-1/2

[Event "CZE-ch Youth B14 2022"]
[Site "Luhacovice"]
[Date "2022.03.17"]
[Round "7.4"]
[White "Brozka, Karel"]
[Black "Svoboda, Daniel"]
[Result "1-0"]
[WhiteElo "2125"]
[BlackElo "1619"]
[Annotator "ChessBase"]
[PlyCount "51"]
[EventDate "2022.03.12"]
[EventType "swiss"]
[EventCountry "CZE"]
[SourceTitle "playchess.com"]
[Source "ChessBase"]
[SourceQuality "1"]
[TimeControl "40/5400+30:1800+30"]

1. d4 {[%emt 0:00:07]} Nf6 {[%emt 0:00:11]} 2. c4 {[%emt 0:00:31]} g6 {[%emt 0:00:11]} 3. Nc3 {[%emt 0:00:31]} d5 {[%emt 0:00:08]} 4. Nf3 {[%emt 0:04:44]} Bg7 {[%emt 0:01:24]} 5. Bf4 {[%emt 0:03:44]} O-O {[%emt 0:00:42]} 6. e3 {[%emt 0:00:57]} c5 {[%emt 0:01:20]} 7. Qb3 {[%emt 0:06:42]} cxd4 {[%emt 0:17:56]} 8. Nxd4 {[%emt 0:08:44]} dxc4 {[%emt 0:03:07]} 9. Bxc4 {[%emt 0:01:05]} Nc6 {[%emt 0:02:13]} 10. Nxc6 {[%emt 0:03:31]} bxc6 {[%emt 0:00:24]} 11. O-O {[%emt 0:01:38]} Qa5 {[%emt 0:03:03]} 12. e4 {[%emt 0:14:36]} e5 {[%emt 0:05:48]} 13. Be3 {[%emt 0:02:11]} Ba6 {[%emt 0:03:32]} 14. Rac1 {[%emt 0:04:10]} Bxc4 {[%emt 0:18:42]} 15. Qxc4 {[%emt 0:01:00]} Rfc8 {[%emt 0:04:23]} 16. Rfd1 {[%emt 0:02:37]} Rab8 {[%emt 0:06:59]} 17. b3 {[%emt 0:01:47]} c5 {[%emt 0:05:19]} 18. Qe2 {[%emt 0:11:01]} h5 {[%emt 0:09:09]} 19. Nd5 {[%emt 0:01:47]} Nxd5 {[%emt 0:01:22]} 20. Rxd5 {[%emt 0:01:06]} Qa3 {[%emt 0:04:19]} 21. Rc4 {[%emt 0:04:40]} Qa6 {[%emt 0:01:46]} 22. Qc2 {[%emt 0:03:39]} Qa5 {[%emt 0:01:54]} 23. h3 {[%emt 0:00:45]} Qe1+ {[%emt 0:02:15]} 24. Kh2 {[%emt 0:00:10]} Bf8 {[%emt 0:02:30]} 25. Rd7 {[%emt 0:02:01]} a5 {[%emt 0:01:26]} 26. Rd1 {[%emt 0:00:30]} 1-0

[Event "CZE-ch Youth B14 2022"]
[Site "Luhacovice"]
[Date "2022.03.17"]
[Round "7.5"]
[White "Dusanek, Michal"]
[Black "Setina, Vaclav"]
[Result "1-0"]
[WhiteElo "1682"]
[BlackElo "1881"]
[Annotator "NA"]
[PlyCount "95"]
[EventDate "2022.03.12"]
[EventType "swiss"]
[EventCountry "CZE"]
[SourceTitle "playchess.com"]
[Source "ChessBase"]
[SourceQuality "1"]
[TimeControl "40/5400+30:1800+30"]

1. d4 {[%emt 0:00:14]} d5 {[%emt 0:00:05]} 2. Bf4 {[%emt 0:00:35]} Nf6 {[%emt 0:01:15]} 3. e3 {[%emt 0:00:59]} Bf5 {[%emt 0:00:10]} 4. Nd2 {[%emt 0:02:18]} e6 {[%emt 0:00:14]} 5. Ngf3 {[%emt 0:00:56]} Bd6 {[%emt 0:00:16]} 6. Ne5 {[%emt 0:01:31]} O-O {[%emt 0:01:31]} 7. Be2 {[%emt 0:00:21]} Nbd7 {[%emt 0:16:06]} 8. g4 {[%emt 0:02:32]} Bg6 {[%emt 0:00:11]} 9. h4 {[%emt 0:00:18]} h6 {[%emt 0:10:03]} 10. Nxg6 {[%emt 0:04:40]} fxg6 {[%emt 0:00:08]} 11. Bxd6 {[%emt 0:06:23]} cxd6 {[%emt 0:00:06]} 12. Bd3 {[%emt 0:02:33]} Ne4 {[%emt 0:02:30]} 13. Nxe4 {[%emt 0:05:18]} dxe4 {[%emt 0:00:04]} 14. Bxe4 {[%emt 0:00:38]} d5 {[%emt 0:01:28]} 15. Bd3 {[%emt 0:01:12]} Qa5+ {[%emt 0:20:51]} 16. c3 {[%emt 0:03:18]} e5 {[%emt 0:06:37]} 17. Bxg6 {[%emt 0:11:53]} Qb6 {[%emt 0:07:46]} 18. Bf5 {[%emt 0:00:37]} Qxb2 {[%emt 0:14:52]} 19. O-O {[%emt 0:05:06]} Nb6 {[%emt 0:00:15]} 20. Qb3 {[%emt 0:01:32]} Qe2 {[%emt 0:00:39]} 21. Qd1 {[%emt 0:09:05]} Qc4 {[%emt 0:00:25]} 22. dxe5 {[%emt 0:01:10]} Qxc3 {[%emt 0:02:28]} 23. Qd4 {[%emt 0:04:23]} Qxd4 {[%emt 0:01:03]} 24. exd4 {[%emt 0:00:09]} g6 {[%emt 0:00:11]} 25. Be6+ $18 {[%emt 0:02:39]} ({Weaker is} 25. Bxg6 Rf4 $18) 25... Kh8 {[%emt 0:04:26]} 26. f4 {[%emt 0:00:21]} Rae8 {[%emt 0:01:22]} 27. f5 {[%emt 0:00:17]} Re7 {[%emt 0:00:19]} 28. Rac1 {[%emt 0:01:30]} h5 {[%emt 0:01:27]} 29. gxh5 {[%emt 0:04:54]} gxf5 {[%emt 0:01:21]} 30. Rxf5 {[%emt 0:03:01]} Rxf5 {[%emt 0:01:18]} 31. Bxf5 {[%emt 0:00:13]} Nc4 {[%emt 0:01:20]} 32. Bd3 {[%emt 0:02:54]} b5 {[%emt 0:01:41]} 33. Kf2 {[%emt 0:02:51]} Kg7 {[%emt 0:02:50]} 34. Kg3 {[%emt 0:01:17]} Kh6 {[%emt 0:01:03]} 35. Bg6 {[%emt 0:01:13]} a5 {[%emt 0:00:31]} 36. Kf4 {[%emt 0:00:30]} Rc7 {[%emt 0:00:44]} 37. e6 {[%emt 0:02:27]} b4 {[%emt 0:00:32]} 38. Rb1 {[%emt 0:01:23]} Kg7 {[%emt 0:00:43]} 39. Kg5 {[%emt 0:00:34]} Nd2 {[%emt 0:00:19]} 40. h6+ {[%emt 0:01:21]} Kh8 {[%emt 0:00:02]} 41. Rb2 {[%emt 0:31:11]} Nf3+ {[%emt 0:07:04]} 42. Kf6 {[%emt 0:00:00]} Rc6 {[%emt 0:01:58]} 43. Kf7 {[%emt 0:00:00]} Nxh4 {[%emt 0:00:13]} 44. e7 {[%emt 0:00:00]} Rc7 {[%emt 0:00:07]} 45. Rc2 {[%emt 0:00:00]} Rxe7+ {[%emt 0:01:14]} 46. Kxe7 {[%emt 0:00:00]} Nxg6+ {[%emt 0:00:03]} 47. Kf6 {[%emt 0:00:00]} Nh4 {[%emt 0:06:15]} 48. Rf2 {[%emt 0:00:00]} 1-0

[Event "CZE-ch Youth B14 2022"]
[Site "Luhacovice"]
[Date "2022.03.17"]
[Round "7.6"]
[White "Soucek, Jan"]
[Black "Siles, Jan"]
[Result "1-0"]
[WhiteElo "1849"]
[BlackElo "1548"]
[Annotator "NA"]
[PlyCount "27"]
[EventDate "2022.03.12"]
[EventType "swiss"]
[EventCountry "CZE"]
[SourceTitle "playchess.com"]
[Source "ChessBase"]
[SourceQuality "1"]
[TimeControl "40/5400+30:1800+30"]

1. d4 {[%emt 0:00:32]} d5 {[%emt 0:00:20]} 2. Nf3 {[%emt 0:00:14]} Nf6 {[%emt 0:00:20]} 3. e3 {[%emt 0:00:13]} e6 {[%emt 0:00:14]} 4. Bd3 {[%emt 0:00:19]} c5 {[%emt 0:00:29]} 5. c3 {[%emt 0:00:13]} Bd6 {[%emt 0:01:29]} 6. Nbd2 {[%emt 0:00:12]} Nbd7 {[%emt 0:00:57]} 7. O-O {[%emt 0:00:24]} O-O {[%emt 0:00:24]} 8. e4 {[%emt 0:05:28]} dxe4 {[%emt 0:03:06]} 9. Nxe4 {[%emt 0:00:11]} Nxe4 {[%emt 0:01:31]} 10. Bxe4 {[%emt 0:00:02]} Nf6 {[%emt 0:01:28]} 11. Bc2 {[%emt 0:00:29]} b6 {[%emt 0:03:42]} 12. Bg5 {[%emt 0:03:34]} cxd4 $2 {[%emt 0:08:37]} (12... h6 $11 13. dxc5 Bxc5 14. Bxf6 Qxf6) 13. Qxd4 {[%emt 0:02:48]} Be7 {[%emt 0:02:05]} 14. Bxf6 $18 {[%emt 0:00:29]} 1-0

[Event "CZE-ch Youth B14 2022"]
[Site "Luhacovice"]
[Date "2022.03.17"]
[Round "7.7"]
[White "Juracak, David"]
[Black "Jasso, Matej"]
[Result "0-1"]
[WhiteElo "1717"]
[BlackElo "1726"]
[Annotator "NA"]
[PlyCount "52"]
[EventDate "2022.03.12"]
[EventType "swiss"]
[EventCountry "CZE"]
[SourceTitle "playchess.com"]
[Source "ChessBase"]
[SourceQuality "1"]
[TimeControl "40/5400+30:1800+30"]

1. d4 {[%emt 0:00:02]} d5 {[%emt 0:00:08]} 2. Bf4 {[%emt 0:00:06]} Nf6 {[%emt 0:00:09]} 3. e3 {[%emt 0:00:08]} c5 {[%emt 0:01:35]} 4. dxc5 {[%emt 0:00:07]} Nc6 {[%emt 0:00:21]} 5. Bb5 {[%emt 0:00:19]} e6 {[%emt 0:02:21]} 6. b4 {[%emt 0:01:00]} Ne4 {[%emt 0:03:42]} 7. f3 {[%emt 0:10:32]} Qf6 {[%emt 0:07:54]} 8. Qd4 {[%emt 0:01:15]} Qg6 {[%emt 0:01:17]} 9. g3 {[%emt 0:06:35]} Nf6 {[%emt 0:01:18]} 10. c3 {[%emt 0:03:53]} Nd7 {[%emt 0:11:37]} 11. Bxc6 {[%emt 0:00:56]} bxc6 {[%emt 0:03:50]} 12. e4 {[%emt 0:04:46]} Be7 {[%emt 0:12:36]} 13. exd5 {[%emt 0:07:24]} exd5 {[%emt 0:03:18]} 14. Ne2 {[%emt 0:01:59]} Ba6 {[%emt 0:01:52]} 15. Na3 {[%emt 0:07:08]} O-O {[%emt 0:01:23]} 16. Kf2 {[%emt 0:01:53]} Bxe2 {[%emt 0:10:24]} 17. Kxe2 {[%emt 0:00:18]} a5 {[%emt 0:00:06]} 18. Bd6 {[%emt 0:14:58]} Bf6 {[%emt 0:02:03]} 19. Qf4 {[%emt 0:00:47]} Rfe8+ {[%emt 0:00:45]} 20. Kf2 {[%emt 0:00:44]} axb4 {[%emt 0:06:53]} 21. Qxb4 {[%emt 0:01:06]} Qd3 {[%emt 0:03:05]} 22. Rhe1 {[%emt 0:17:56]} Qd2+ {[%emt 0:00:14]} 23. Kf1 {[%emt 0:00:50]} Rxe1+ {[%emt 0:00:23]} 24. Rxe1 {[%emt 0:00:07]} Bxc3 {[%emt 0:00:04]} 25. Qb1 {[%emt 0:00:23]} Qxe1+ {[%emt 0:00:12]} 26. Qxe1 {[%emt 0:00:07]} Bxe1 {[%emt 0:00:03]} 0-1

[Event "CZE-ch Youth B14 2022"]
[Site "Luhacovice"]
[Date "2022.03.17"]
[Round "7.8"]
[White "Vysinsky, Otakar"]
[Black "Hozda, Max"]
[Result "0-1"]
[WhiteElo "1534"]
[BlackElo "1901"]
[Annotator "ChessBase"]
[PlyCount "96"]
[EventDate "2022.03.12"]
[EventType "swiss"]
[EventCountry "CZE"]
[SourceTitle "playchess.com"]
[Source "ChessBase"]
[SourceQuality "1"]
[TimeControl "40/5400+30:1800+30"]

1. e4 {[%emt 0:00:02]} c6 {[%emt 0:00:05]} 2. Nc3 {[%emt 0:00:21]} d5 {[%emt 0:00:07]} 3. Nf3 {[%emt 0:00:04]} Bg4 {[%emt 0:00:18]} 4. h3 {[%emt 0:00:24]} Bxf3 {[%emt 0:00:03]} 5. Qxf3 {[%emt 0:00:08]} e6 {[%emt 0:00:10]} 6. d4 {[%emt 0:04:35]} Nf6 {[%emt 0:01:22]} 7. e5 {[%emt 0:01:40]} Nfd7 {[%emt 0:00:18]} 8. Ne2 {[%emt 0:02:38]} c5 {[%emt 0:00:54]} 9. c3 {[%emt 0:01:09]} Qb6 {[%emt 0:29:06]} 10. Qd3 {[%emt 0:05:01]} Nc6 {[%emt 0:05:43]} 11. a3 {[%emt 0:07:20]} cxd4 {[%emt 0:06:57]} 12. cxd4 {[%emt 0:00:19]} Na5 {[%emt 0:01:41]} 13. b4 {[%emt 0:03:26]} Nc4 {[%emt 0:01:10]} 14. Nc3 {[%emt 0:02:50]} Be7 {[%emt 0:04:35]} 15. Be2 {[%emt 0:02:03]} O-O {[%emt 0:00:49]} 16. O-O {[%emt 0:01:19]} f6 {[%emt 0:02:55]} 17. Na4 {[%emt 0:02:36]} Qc6 {[%emt 0:01:39]} 18. exf6 {[%emt 0:01:01]} Bxf6 {[%emt 0:01:33]} 19. Nb2 {[%emt 0:05:12]} Nd6 {[%emt 0:05:48]} 20. Be3 {[%emt 0:05:51]} Nf5 {[%emt 0:02:15]} 21. Rac1 {[%emt 0:02:47]} Qd6 {[%emt 0:00:40]} 22. Qd2 {[%emt 0:10:02]} Nxe3 {[%emt 0:02:48]} 23. fxe3 {[%emt 0:00:39]} Bg5 {[%emt 0:01:20]} 24. Nd3 {[%emt 0:04:28]} Kh8 {[%emt 0:15:40]} 25. Nf4 {[%emt 0:07:30]} e5 {[%emt 0:04:02]} 26. dxe5 {[%emt 0:01:10]} Qxe5 {[%emt 0:00:08]} 27. Nxd5 {[%emt 0:07:38]} Nf6 {[%emt 0:01:56]} 28. Nf4 {[%emt 0:02:39]} Rfd8 {[%emt 0:03:19]} 29. Qc3 {[%emt 0:03:58]} Bxf4 {[%emt 0:00:56]} 30. Rxf4 {[%emt 0:01:32]} Qxc3 {[%emt 0:00:16]} 31. Rxc3 {[%emt 0:00:01]} Nd5 {[%emt 0:00:35]} 32. Rc2 {[%emt 0:01:32]} Nxf4 {[%emt 0:00:32]} 33. exf4 {[%emt 0:00:02]} Rac8 {[%emt 0:00:28]} 34. Rxc8 {[%emt 0:01:12]} Rxc8 {[%emt 0:00:01]} 35. a4 {[%emt 0:01:28]} Rc2 {[%emt 0:01:29]} 36. Bf3 {[%emt 0:01:18]} b6 {[%emt 0:01:17]} 37. a5 {[%emt 0:01:34]} bxa5 {[%emt 0:00:38]} 38. bxa5 {[%emt 0:00:03]} Ra2 {[%emt 0:00:16]} 39. g4 {[%emt 0:00:38]} Rxa5 {[%emt 0:00:16]} 40. Kf2 {[%emt 0:00:02]} Ra3 {[%emt 0:00:13]} 41. Bd5 {[%emt 0:31:12]} Rxh3 {[%emt 0:33:00]} 42. g5 {[%emt 0:00:21]} a5 {[%emt 0:01:16]} 43. Be6 {[%emt 0:01:40]} Rh2+ {[%emt 0:01:01]} 44. Kf3 {[%emt 0:00:43]} a4 {[%emt 0:00:59]} 45. f5 {[%emt 0:00:24]} a3 {[%emt 0:00:37]} 46. f6 {[%emt 0:00:57]} gxf6 {[%emt 0:00:14]} 47. gxf6 {[%emt 0:00:18]} a2 {[%emt 0:00:08]} 48. f7 {[%emt 0:00:10]} Kg7 {[%emt 0:00:11]} 0-1

[Event "CZE-ch Youth B14 2022"]
[Site "Luhacovice"]
[Date "2022.03.17"]
[Round "7.9"]
[White "Babula, Matej"]
[Black "Davidek, Zdenek"]
[Result "1-0"]
[WhiteElo "1753"]
[BlackElo "1570"]
[Annotator "NA"]
[PlyCount "69"]
[EventDate "2022.03.12"]
[EventType "swiss"]
[EventCountry "CZE"]
[SourceTitle "playchess.com"]
[Source "ChessBase"]
[SourceQuality "1"]
[TimeControl "40/5400+30:1800+30"]

1. e4 {[%emt 0:00:03]} c6 {[%emt 0:00:09]} 2. d4 {[%emt 0:00:02]} d5 {[%emt 0:00:05]} 3. exd5 {[%emt 0:00:02]} cxd5 {[%emt 0:00:05]} 4. Bd3 {[%emt 0:00:03]} Nc6 {[%emt 0:00:44]} 5. c3 {[%emt 0:00:01]} Nf6 {[%emt 0:00:07]} 6. h3 {[%emt 0:00:01]} g6 {[%emt 0:00:15]} 7. Nf3 {[%emt 0:00:23]} Qc7 {[%emt 0:00:29]} 8. O-O {[%emt 0:00:25]} Bf5 {[%emt 0:00:12]} 9. Be2 {[%emt 0:00:49]} Bg7 {[%emt 0:00:16]} 10. Bg5 {[%emt 0:08:07]} Ne4 {[%emt 0:00:44]} 11. Bh4 {[%emt 0:00:25]} O-O {[%emt 0:08:12]} 12. Nbd2 {[%emt 0:04:27]} Nxd2 {[%emt 0:09:10]} 13. Qxd2 {[%emt 0:00:09]} Rad8 {[%emt 0:00:20]} 14. g4 {[%emt 0:06:48]} Bc8 {[%emt 0:03:22]} 15. Bg3 {[%emt 0:02:31]} Qb6 {[%emt 0:00:53]} 16. Kg2 {[%emt 0:17:43]} Rfe8 {[%emt 0:01:49]} 17. Rae1 {[%emt 0:03:21]} f6 {[%emt 0:20:04]} 18. g5 {[%emt 0:00:36]} fxg5 {[%emt 0:02:25]} 19. Nxg5 {[%emt 0:00:12]} e5 {[%emt 0:00:56]} 20. dxe5 {[%emt 0:01:12]} Nxe5 {[%emt 0:00:18]} 21. f4 {[%emt 0:18:55]} Nc4 {[%emt 0:10:35]} 22. Bxc4 {[%emt 0:00:09]} dxc4 {[%emt 0:00:24]} 23. Rxe8+ {[%emt 0:00:08]} Rxe8 {[%emt 0:00:06]} 24. Qd5+ {[%emt 0:00:29]} Be6 {[%emt 0:04:38]} 25. Nxe6 {[%emt 0:00:09]} Rxe6 {[%emt 0:01:03]} 26. Qxc4 {[%emt 0:14:53]} Qxb2+ {[%emt 0:05:14]} 27. Bf2 {[%emt 0:00:28]} Qe2 {[%emt 0:01:35]} 28. Qc8+ {[%emt 0:00:32]} Re8 {[%emt 0:01:06]} 29. Qxb7 {[%emt 0:00:55]} Qxa2 {[%emt 0:04:02]} 30. Kg1 {[%emt 0:05:28]} Bxc3 {[%emt 0:05:35]} 31. Qc6 {[%emt 0:00:24]} Qf7 {[%emt 0:05:09]} 32. Qxc3 {[%emt 0:00:11]} Qxf4 {[%emt 0:00:37]} 33. Qb3+ {[%emt 0:03:45]} Kh8 {[%emt 0:02:03]} 34. Rd1 {[%emt 0:03:02]} Re2 {[%emt 0:03:07]} 35. Bd4+ {[%emt 0:00:27]} 1-0

[Event "CZE-ch Youth B14 2022"]
[Site "Luhacovice"]
[Date "2022.03.17"]
[Round "7.10"]
[White "Tesar, Jakub"]
[Black "Juhanak, Daniel"]
[Result "0-1"]
[WhiteElo "1660"]
[BlackElo "1688"]
[Annotator "NA"]
[PlyCount "80"]
[EventDate "2022.03.12"]
[EventType "swiss"]
[EventCountry "CZE"]
[SourceTitle "playchess.com"]
[Source "ChessBase"]
[SourceQuality "1"]
[TimeControl "40/5400+30:1800+30"]

1. e4 {[%emt 0:00:03]} e6 {[%emt 0:00:09]} 2. d4 {[%emt 0:00:09]} d5 {[%emt 0:00:06]} 3. Nd2 {[%emt 0:00:10]} c5 {[%emt 0:00:12]} 4. exd5 {[%emt 0:00:17]} Qxd5 {[%emt 0:00:02]} 5. dxc5 {[%emt 0:02:01]} Bxc5 {[%emt 0:02:28]} 6. Ngf3 {[%emt 0:00:34]} Nf6 {[%emt 0:04:21]} 7. Bc4 {[%emt 0:04:44]} Qd6 {[%emt 0:05:02]} 8. O-O {[%emt 0:01:30]} O-O {[%emt 0:11:19]} 9. Nb3 {[%emt 0:09:13]} Rd8 {[%emt 0:08:20]} 10. Qe2 {[%emt 0:12:54]} Bb6 {[%emt 0:03:06]} 11. Bg5 {[%emt 0:00:36]} Nc6 {[%emt 0:05:39]} 12. Rad1 {[%emt 0:04:20]} Qe7 {[%emt 0:04:44]} 13. Rxd8+ {[%emt 0:01:18]} Bxd8 {[%emt 0:00:40]} 14. Rd1 {[%emt 0:01:58]} Bc7 {[%emt 0:02:15]} 15. Nbd2 {[%emt 0:17:00]} h6 {[%emt 0:14:43]} 16. Bh4 {[%emt 0:01:55]} g5 {[%emt 0:09:27]} 17. Nxg5 {[%emt 0:18:20]} Nd4 {[%emt 0:16:12]} 18. Qd3 {[%emt 0:03:46]} hxg5 {[%emt 0:02:24]} 19. Bxg5 {[%emt 0:01:40]} Qd6 {[%emt 0:02:58]} 20. Qh3 {[%emt 0:09:04]} e5 {[%emt 0:02:57]} 21. Qh6 {[%emt 0:03:21]} Ng4 {[%emt 0:01:55]} 22. Qh5 {[%emt 0:00:13]} Be6 {[%emt 0:00:57]} 23. Bd3 {[%emt 0:00:26]} e4 {[%emt 0:00:53]} 24. Nxe4 {[%emt 0:01:34]} Qxh2+ {[%emt 0:00:10]} 25. Qxh2 {[%emt 0:00:26]} Bxh2+ {[%emt 0:00:01]} 26. Kf1 {[%emt 0:00:36]} Ne5 {[%emt 0:01:49]} 27. Bf6 {[%emt 0:04:18]} Nxd3 {[%emt 0:00:37]} 28. cxd3 {[%emt 0:00:12]} Nc6 {[%emt 0:00:30]} 29. g3 {[%emt 0:00:21]} Bg4 {[%emt 0:00:25]} 30. Rd2 {[%emt 0:01:08]} Bh3+ {[%emt 0:00:31]} 31. Ke1 {[%emt 0:00:15]} Bf5 {[%emt 0:00:26]} 32. Ng5 {[%emt 0:01:08]} Re8+ {[%emt 0:00:27]} 33. Kf1 {[%emt 0:00:16]} Ne5 {[%emt 0:00:37]} 34. d4 Ng4 {[%emt 0:00:34]} 35. Be5 {[%emt 0:01:31]} f6 {[%emt 0:00:27]} 36. f3 {[%emt 0:00:41]} Nxe5 {[%emt 0:00:27]} 37. dxe5 {[%emt 0:00:20]} fxg5 {[%emt 0:00:12]} 38. Kg2 {[%emt 0:00:11]} Bxg3 {[%emt 0:00:21]} 39. Kxg3 {[%emt 0:00:04]} Rxe5 {[%emt 0:00:02]} 40. Rd8+ {[%emt 0:00:00]} Kf7 {[%emt 0:00:00]} 0-1